| 000 | 00531nam a22001937a 4500 | ||
|---|---|---|---|
| 010 | _a103914 | ||
| 035 | _a103914 | ||
| 037 | _bCen Lib / Ret | ||
| 040 |
_aDPL _bEn |
||
| 082 |
_a027.4 _bUNE |
||
| 100 | _aGardner, F M | ||
| 245 |
_aPublic libraries for Asia : _bthe Delhi seminar / _cby F M Gardner |
||
| 260 |
_aParis _bUnesco _c1956 |
||
| 270 |
_aUnesco _bParis |
||
| 300 |
_a165p ; _b24cm(Hb) |
||
| 650 | _aDocumentaire informatie. | ||
| 650 | _aLibraries -- Asia. | ||
| 942 |
_2ddc _cEN _h027.4 _mUNI |
||
| 999 |
_c136944 _d136944 |
||